Every Noble Car Model by Picture - Statistics

General Stats
  • This quiz has been taken 10 times
  • The average score is 5 of 6
Answer Stats
Picture Hint Answer % Correct
2000-2008 M12
100%
2010-2018 M600
100%
2006-2011 M15
86%
2004-2007 M400
86%
2022-present M500
86%
1999-2000 M10
57%
No matching quizzes found
Score Distribution
Percent of People with Each Score
Percentile by Number Answered
Your Score History
You have not taken this quiz